| 000 | 00451nam a2200181Ia 4500 | ||
|---|---|---|---|
| 001 | 13846 | ||
| 005 | 20260306164831.0 | ||
| 008 | 260306t2015||||xx |||||||||||||| ||spa|| | ||
| 041 | _aESP | ||
| 082 |
_a005.369 _bT75 |
||
| 100 |
_aTorres Remon, Manuel _eAUT |
||
| 245 | 0 |
_aMacros aplicaciones VBA con excel: _bguía práctica |
|
| 260 | _c2015 | ||
| 300 |
_a171 páginas : _c25 cm. |
||
| 650 | _aGEN | ||
| 654 | _aCCC | ||
| 942 |
_cLIB _dJUS _fJUS _2ddc _n |
||
| 999 |
_c13846 _d13846 |
||